| 000 | 01481nam2a22002531 4500 | ||
|---|---|---|---|
| 001 | rc\3215728 | ||
| 005 | 20250530103500.0 | ||
| 021 |
_aRU _bРг14080-73 |
||
| 021 |
_aRU _b73-74212 |
||
| 035 | _a(NLR Aleph) 007361538 | ||
| 090 |
_a6312427 _c6312427 |
||
| 100 | _a20130115d1973 |||y0rusy50 ca | ||
| 101 | 0 | _arus | |
| 102 | _aRU | ||
| 105 | _ay z ||||| | ||
| 200 | 1 | _aПояснительная записка | |
| 210 |
_d1973 _aБ. м. |
||
| 215 | _aX, 42 л. | ||
| 461 | 0 |
_1001rc\3215727 _12001#$aЭталон технического проекта застройки микрорайона$e(Содерж. и оформление проектной документации)$eТ. 1-$fГос. ком. по гражд. стр-ву и архитектуре при Госстрое СССР. Центр. науч.-исслед. и проектный ин-т по градостроительству$vТ. 1 _96312421 _cМосква _d1973 _fГос. ком. по гражд. стр-ву и архитектуре при Госстрое СССР. Центр. науч.-исслед. и проектный ин-т по градостроительству _nБ. и. _o(Содерж. и оформление проектной документации) : Т. 1- _tЭталон технического проекта застройки микрорайона _vТ. 1 |
|
| 801 | 0 |
_aRU _bNLR _gpsbo |
|
| 801 | 1 |
_aRU _bELAR _2rusmarc |
|
| 852 |
_aNLR _j73-8/1230 |
||
| 942 | _cBOOK | ||
| 980 | _aNB | ||